| 000 | 00768pam a2200241 a 4500 | ||
|---|---|---|---|
| 001 | 3314857 | ||
| 005 | 20250207190647.0 | ||
| 008 | 840917s1985 mnuak 001 0 eng | ||
| 020 |
_a0314853146 : _c$29.95 |
||
| 050 | 0 | 0 |
_aKF755 _b.H68 1985 |
| 082 | 0 | 0 |
_a346.7305/4 _a347.30654 _219 |
| 100 | 1 | _aHower, Dennis R. | |
| 245 | 1 | 0 |
_aWills, trusts, and estate administration for the paralegal / _cDennis R. Hower. |
| 250 | _a2nd ed. | ||
| 260 |
_aSt. Paul : _bWest Pub. Co., _cc1985. |
||
| 300 |
_axx, 853 p. : _bill., forms ; _c26 cm. |
||
| 440 | 0 | _aWest's paralegal series | |
| 500 | _aIncludes index. | ||
| 650 | 0 |
_aWills _zUnited States. |
|
| 650 | 0 |
_aTrusts and trustees _zUnited States. |
|
| 650 | 0 |
_aProbate law and practice _zUnited States. |
|
| 942 |
_2lcc _cBK _n0 |
||
| 999 |
_c3601 _d3601 |
||